Rǧimen jurd̕ico del domicilio en derecho romano

Detalles Bibliográficos
Autor principal: Lp̤ez Huguet, Ma. Luisa
Formato: Libro
Lenguaje:español
Publicado: Madrid : Dykinson, cop. 2008
Colección:Monografa̕s de derecho romano. Derecho administrativo y fiscal romano ; 13
Materias:
Acceso en línea:Acceso restringido

MARC

LEADER 00000nam a2200000 a 4500
005 20120228135718.0
007 cr|||| ||||
008 081127s2008 sp 001 0 spa|c
017 |a DL SE. 4451-2008 
020 |a 9788498492880 
035 |a 2734 
040 |d vLex 
090 |c 3040  |d 3040 
100 1 |a Lp̤ez Huguet, Ma. Luisa 
245 1 0 |a Rǧimen jurd̕ico del domicilio en derecho romano   |h [Recurso electrn̤ico] /  |c M® Luisa Lp̤ez Huguet 
256 |a Servicio en ln̕ea 
260 |a Madrid :  |b Dykinson,  |c cop. 2008 
300 |a 1 recurso electrn̤ico 
500 |a Cabe destacar, en esta importante aportacin̤ cientf̕ica, de obligada consulta en el futuro, que viene a enriquecer de forma notable una materia no especialmente estudiada por la romans̕tica hasta el momento presente, que el indudable interš que presenta el anl̀isis de los diferentes extremos aqu ̕mencionados, no sl̤o se manifiesta en la reconstruccin̤ del rǧimen jurd̕ico del domicilio en Derecho romano, sino que tambiň se proyecta en la adecuada comprensin̤ de la regulacin̤ de la institucin̤ en el actual derecho positivo, con lo que ello supone de contribucin̤ a la deseable conexin̤ entre la investigacin̤ histr̤ica y la dogmt̀ica moderna, tan necesaria para el progreso de la ciencia del derecho. 
504 |a Notas. Bibliografa̕ p. 517-552. Índice p. [553]-590 
506 1 |a Contenido solo disponible en los productos indicados  |d vLex Global   |d vLex Global (Academic Edition, excluding Law Schools)   |d vLex Global (U.S. Academic Edition, Law Schools)   |d vLex Global (U.S. Academic Edition, excluding Law Schools)   |d vLex Global (Academic Edition, Law Schools)  
650 0 4 |a Domicilio (Derecho romano) 
650 0 4 |a Situacin̤ legal 
740 0 |a vLex Libros (Servicio en ln̕ea) 
830 0 |a Monografa̕s de derecho romano.  |p Derecho administrativo y fiscal romano ;  |v 13 
856 4 0 |u http://vlex.com/source/regimen-juridico-domicilio-derecho-romano-2734  |z Acceso restringido 
942 |c BOOK 
999 0 |a Roman law